Statystyki dla Formuła 1 - Kierowcy w Zespole McLaren

Kliknij tutaj aby rozwiązać quiz!

Ogólne statystyki

  • Ten quiz został rozwiązany 41 razy
  • Średni wynik to 12 z 20

Statystyki odpowiedzi

StartyKrajLataKierowca% Poprawnych
44Australia2021-2022Daniel Ricciardo
100%
109W.Brytania2018-terazLando Norris
100%
37Hiszpania2019-2020Carlos Sainz
94%
94Hiszpania2007, 2015-2018Fernando Alonso
94%
110W.Brytania2007-2012Lewis Hamilton
94%
136W.Brytania2010-2017Jenson Button
85%
87Finlandia2002-2006Kimi Raikkonen
82%
96Brazylia1988-1993Ayrton Senna
79%
131Finlandia1993-2001Mika Hakkinen
70%
58Austria1982-1985Niki Lauda
67%
107Francja1980, 1984-1989Alain Prost
61%
35Finlandia2008-2009Heikki Kovalainen
55%
41Belgia2016-2018Stoffel Vandoorne
55%
150W.Brytania1996-2004David Coulthard
42%
33Nowa Zelandia1966-1970Bruce McLaren
33%
48Austria1990-1992Gerhard Berger
27%
49W.Brytania1976-1978James Hunt
21%
86Nowa Zelandia1968-1974Denny Hulme
18%
49Niemcy1974-1977Jochen Mass
12%
73W.Brytania1979-1983, 1985John Watson
3%

Rozkład punktacji

Percentyl według liczby udzielonych odpowiedzi

Procent ludzi z każdym wynikiem

Twoja historia wyników

Nie rozwiązałeś tego quizu